000
00279nam a22001217a 4500
008
180123b xxu||||| |||| 00| 0 eng d
041
_a
eng
080
_a
82
100
_a
21
101
_a
GJU
245
_a
BIBLIOGRAPHY OF COMPARARTIVE LITERATURE
_c
RUSSEL,R
942
_2
udc
_c
BK
999
_c
40795
_d
40795